[Event "SVK-chT4 A21 1920"]
[Site "Slovakia"]
[Date "2020.03.08"]
[Round "10.5"]
[White "Sefcik, Oliver"]
[Black "Belak, Michal"]
[Result "1-0"]
[WhiteElo "1238"]
[BlackElo "1289"]
[PlyCount "59"]
[EventDate "2019.10.13"]
[EventType "team-tourn"]
[EventRounds "11"]
[EventCountry "SVK"]
[SourceTitle "CBM 195 Extra"]
[Source "ChessBase"]
[SourceDate "2020.05.31"]
[SourceVersion "1"]
[SourceVersionDate "2020.05.31"]
[SourceQuality "1"]
[WhiteTeam "Holic II"]
[BlackTeam "Myjava Spartak"]
[WhiteTeamCountry "SVK"]
[BlackTeamCountry "SVK"]

1. e4 e5 2. Bc4 Nf6 3. d3 Bc5 4. Nc3 0-0 5. f4 Nc6 6. Nf3 Qe7 7. Qe2 Ng4 8. Rf1 d6 9. f5 Nf6 10. Bg5 Bb4 11. 0-0-0 Bxc3 12. bxc3 a6 13. g4 Na5 14. Bb3 Nxb3+ 15. cxb3 Bd7 16. Bxf6 Qxf6 17. g5 Qd8 18. Rh1 a5 19. Rdg1 b5 20. h4 c5 21. Nd2 a4 22. f6 g6 23. h5 axb3 24. Qh2 Qa5 25. hxg6 Qxc3+ 26. Kd1 Qc2+ 27. Ke2 h5 28. Qxh5 Bg4+ 29. Rxg4 fxg6 30. Qh7# 1-0

[Event "SVK-chT5 SE-SI 1920"]
[Site "Slovakia"]
[Date "2020.01.18"]
[Round "5.3"]
[White "Belak, Michal"]
[Black "Horak, Viliam"]
[Result "0-1"]
[WhiteElo "1279"]
[BlackElo "1200"]
[PlyCount "84"]
[EventDate "2019.10.19"]
[EventType "team-tourn"]
[EventRounds "14"]
[EventCountry "SVK"]
[SourceTitle "CBM 194 Extra"]
[Source "ChessBase"]
[SourceDate "2020.03.31"]
[SourceVersion "1"]
[SourceVersionDate "2020.03.31"]
[SourceQuality "1"]
[WhiteTeam "Myjava Spartak II"]
[BlackTeam "Holic III"]
[WhiteTeamCountry "SVK"]
[BlackTeamCountry "SVK"]

1. e4 e6 2. Bc4 d5 3. exd5 exd5 4. Bb3 Nf6 5. Nf3 Bg4 6. 0-0 Be7 7. Nc3 0-0 8. d3 h6 9. h3 Bh5 10. Qe2 Re8 11. Bf4 Bd6 12. Qd2 Bxf3 13. gxf3 c6 14. Bg3 Qd7 15. Kg2 Na6 16. a3 Re6 17. Rfe1 Rae8 18. Rxe6 Rxe6 19. Re1 Nc7 20. Rxe6 Nxe6 21. Ne2 Ng5 22. Ng1 Nh5 23. Qd1 Qc7 24. f4 Nxf4+ 25. Bxf4 Bxf4 26. Qg4 Bc1 27. Qd4 a6 28. Ne2 Ne6 29. Qc3 Nf4+ 30. Nxf4 Qxf4 31. Qe1 Kf8 32. Qa5 Ke8 33. Qc3 Qg5+ 34. Kf1 Kd7 35. Qd4 Qf6 36. Qg4+ Kd8 37. Qb4 Kc7 38. Qc5 Bxb2 39. Bxd5 Bd4 40. Qa5+ b6 41. Qe1 cxd5 42. Qe2 Kd6 0-1

[Event "SVK-chT5 SE-SI 1920"]
[Site "Slovakia"]
[Date "2019.10.19"]
[Round "1.3"]
[White "Belak, Michal"]
[Black "Visvader, Rudolf"]
[Result "0-1"]
[WhiteElo "1279"]
[BlackElo "1280"]
[PlyCount "92"]
[EventDate "2019.10.19"]
[EventType "team-tourn"]
[EventRounds "14"]
[EventCountry "SVK"]
[SourceTitle "CBM 193 Extra"]
[Source "ChessBase"]
[SourceDate "2020.01.31"]
[SourceVersion "1"]
[SourceVersionDate "2020.01.31"]
[SourceQuality "1"]
[WhiteTeam "Myjava Spartak II"]
[BlackTeam "Borsky Mikulas"]
[WhiteTeamCountry "SVK"]
[BlackTeamCountry "SVK"]

1. e4 e6 2. Nf3 d5 3. e5 c5 4. d4 Nc6 5. c3 Qb6 6. Be2 Bd7 7. Qc2 0-0-0 8. Be3 f6 9. Nbd2 Be8 10. Nb3 c4 11. 0-0 cxb3 12. axb3 Bg6 13. Qd1 Be4 14. c4 Bxf3 15. Bxf3 fxe5 16. dxe5 Bc5 17. Bxc5 Qxc5 18. cxd5 Nge7 19. d6 Kb8 20. Qe2 Nf5 21. Rfe1 Nfd4 22. Qe4 Nxf3+ 23. Qxf3 Rhf8 24. Qg3 Rd7 25. Rac1 Qb5 26. Qg4 Rf5 27. f4 Qxb3 28. Rf1 g6 29. Qe2 Nd4 30. Qf2 Qb6 31. Rc3 Ne2+ 32. Kh1 Qxf2 33. Rxf2 Nxc3 34. bxc3 g5 35. g3 h5 36. h3 h4 37. Rg2 Rg7 38. gxh4 Rxf4 39. hxg5 Kc8 40. Kh2 Rh4 41. Rf2 Kd7 42. Rf3 Re4 43. Rf6 Rxe5 44. g6 Rf5 45. Rf7+ Rfxf7 46. gxf7 Rxf7 0-1

[Event "SVK-chT5 SE-SI 1819"]
[Site "Slovakia"]
[Date "2019.02.09"]
[Round "7.5"]
[White "Drinka, Robert"]
[Black "Belak, Michal"]
[Result "0-1"]
[WhiteElo "1391"]
[BlackElo "1000"]
[PlyCount "50"]
[EventDate "2018.10.20"]
[EventType "team-tourn"]
[EventRounds "10"]
[EventCountry "SVK"]
[SourceTitle "CBM 189 Extra"]
[Source "ChessBase"]
[SourceDate "2019.06.03"]
[SourceVersion "1"]
[SourceVersionDate "2019.06.03"]
[SourceQuality "1"]
[WhiteTeam "Borsky Mikulas"]
[BlackTeam "Myjava Spartak"]
[WhiteTeamCountry "SVK"]
[BlackTeamCountry "SVK"]

1. e4 e5 2. Nf3 d6 3. d4 exd4 4. Qxd4 Nc6 5. Bb5 Bd7 6. Bxc6 Bxc6 7. Nc3 Nf6 8. Bg5 Be7 9. 0-0-0 0-0 10. h4 h6 11. Bf4 Nh5 12. Be3 Bf6 13. Qd3 Bxc3 14. bxc3 Nf6 15. Bd4 Nxe4 16. Rde1 Re8 17. Nd2 Nxd2 18. Kxd2 Rxe1 19. Rxe1 Qxh4 20. a3 Qg5+ 21. f4 Qxf4+ 22. Kd1 Bd7 23. Be3 Qg4+ 24. Kc1 Qg3 25. Rh1 Re8 0-1

[Event "SVK-chT5 1718"]
[Site "Slovakia"]
[Date "2018.01.20"]
[Round "6"]
[White "Belak, Michal"]
[Black "Kaufmanova, Karin"]
[Result "1-0"]
[WhiteElo "1000"]
[BlackElo "1092"]
[PlyCount "55"]
[EventDate "2017.10.21"]
[EventType "team-tourn"]
[EventRounds "9"]
[EventCountry "SVK"]
[SourceTitle "EXT 2019"]
[Source "ChessBase"]
[SourceDate "2018.10.10"]
[SourceVersion "1"]
[SourceVersionDate "2018.10.10"]
[SourceQuality "1"]
[WhiteTeam "Myjava Spartak"]
[BlackTeam "Senica IV"]
[WhiteTeamCountry "SVK"]
[BlackTeamCountry "SVK"]

1. e4 e5 2. Nf3 Nc6 3. d4 exd4 4. Nxd4 Nxd4 5. Qxd4 Nf6 6. Bg5 Be7 7. Be2 c6 8. 0-0 d5 9. e5 Ne4 10. Bxe7 Qxe7 11. Bd3 0-0 12. Nc3 Nxc3 13. Qxc3 Qg5 14. Rfe1 Re8 15. Re3 Qd8 16. Rg3 g6 17. Rf1 Qb6 18. Kh1 Kh8 19. e6+ Kg8 20. exf7+ Kxf7 21. Rf3+ Kg8 22. Qf6 Bg4 23. Bxg6 Rf8 24. Bxh7+ Kxh7 25. Qh4+ Bh5 26. Qxh5+ Kg7 27. Qg5+ Kh7 28. Rh3# 1-0